ՀՀ Գիտությունների ազգային ակադեմիայի հիմնարար գիտական գրադարան  =   Fundamental Scientific Library of NAS RA

40 Poems / (Record no. 349315)

MARC details
000 -LEADER
fixed length control field 00867nam a2200241 a 4500
001 - CONTROL NUMBER
control field 001079669
003 - CONTROL NUMBER IDENTIFIER
control field AM-YEHGA
005 - DATE AND TIME OF LATEST TRANSACTION
control field 20260302141743.0
008 - FIXED-LENGTH DATA ELEMENTS--GENERAL INFORMATION
fixed length control field 150518s2012 ai a|||gr|||||||||1|eng|d
020 ## - INTERNATIONAL STANDARD BOOK NUMBER
International Standard Book Number 9789939838076
040 ## - CATALOGING SOURCE
Original cataloging agency AM-YeHGA
041 1# - LANGUAGE CODE
Language code of text/sound track or separate title eng
Language code of original arm
090 ## - LOCALLY ASSIGNED LC-TYPE CALL NUMBER (OCLC); LOCAL CALL NUMBER (RLIN)
-- 351126
100 1# - MAIN ENTRY--PERSONAL NAME
Personal name Չարենց, Եղիշե Աբգարի,
Dates associated with a name 1897-1937
9 (RLIN) 1327
245 10 - TITLE STATEMENT
Title 40 Poems /
Statement of responsibility, etc. Y. Charents ; Edt. and trl. S. Mkrtchyan ; Trl. by Sh. Avagyan et al.
260 ## - PUBLICATION, DISTRIBUTION, ETC.
Place of publication, distribution, etc. Yerevan :
Name of publisher, distributor, etc. Yeghishe Charents Memorial Museum,
Date of publication, distribution, etc. 2012.
300 ## - PHYSICAL DESCRIPTION
Extent 304 p. ;
Dimensions 22 cm.
650 14 - SUBJECT ADDED ENTRY--TOPICAL TERM
Topical term or geographic name entry element Հայ գրականություն
700 1# - ADDED ENTRY--PERSONAL NAME
Personal name Մկրտչյան, Սամվել Սուրենի,
Dates associated with a name 1959-2014
Relator term խմբ.
Relationship edt
Relator term թարգմ.
Relationship trl
700 1# - ADDED ENTRY--PERSONAL NAME
Personal name Avagyan, Shushan
Relator term թարգմ.
Relationship trl
700 1# - ADDED ENTRY--PERSONAL NAME
Personal name Բալիոզյան, Արա,
Dates associated with a name 1936-2019
Relator term trl
Relationship թարգմ․
942 ## - ADDED ENTRY ELEMENTS (KOHA)
Source of classification or shelving scheme Universal Decimal Classification
Koha item type Գրքեր / Books
Koha issues (borrowed), all copies 1
Holdings
Withdrawn status Lost status Damaged status Not for loan Collection Home library Current library Date acquired Shelving control number Total checkouts Full call number Barcode Date due Date last seen Date last checked out Price effective from Koha item type Public note
        General Fundamental Scientific Library Fundamental Scientific Library 11/01/2017   1 И II/115717 FL0441632 01/04/2026 02/03/2026 02/03/2026 11/01/2017 Գրքեր / Books 30 Days Loan
        General Fundamental Scientific Library Fundamental Scientific Library 25/01/2023     И II/117480 FL0677205   25/01/2023   25/01/2023 Գրքեր / Books 30 Days Loan


ՀՀ ԳԱԱ հիմնարար գիտական գրադարան
ՀՀ,Երևան 0019
Մարշալ Բաղրամյան 24/6
հեռախոս:(374-10) 52-47-50
Հետադարձ կապ

All site content, except where otherwise noted, is licensed under a
Creative Commons License